L'incidence sur l'économie espagnole de sa participation a la Communauté européenne.

Ukazovatele životnej úrovne Španielska a ES. Kríza v 70. rokoch. Opatrenia na oživenie hospodárstva. Vývoj rentability a pracovných nákladov. Pristúpenie Španielska k ES a proces integrácie. Liberalizácia obchodu. Dovoz a vývoz. Liberalizácia pohybu kapitálu a súťaž štruktúr v rámci programu fondov...

Descrizione completa

Salvato in:
Dettagli Bibliografici
Natura: Capitolo di libro
Lingua:francese
Soggetti:
Tags: Aggiungi Tag
Nessun Tag, puoi essere il primo ad aggiungerne!!

MARC

LEADER 00000naa a2200000 4500
001 r004546
005 20221125091638.3
041 0 |a fre 
044 |a FR 
245 1 0 |a L'incidence sur l'économie espagnole de sa participation a la Communauté européenne. 
520 |a Ukazovatele životnej úrovne Španielska a ES. Kríza v 70. rokoch. Opatrenia na oživenie hospodárstva. Vývoj rentability a pracovných nákladov. Pristúpenie Španielska k ES a proces integrácie. Liberalizácia obchodu. Dovoz a vývoz. Liberalizácia pohybu kapitálu a súťaž štruktúr v rámci programu fondov EHS. (Etudes économiques de l'OCDE, Espagne 1990, december.). 
610 2 0 |a rozvoj hospodársky 
610 2 0 |a Španielsko 
610 2 0 |a Európske spoločenstvá 
610 2 0 |a úroveň životná 
610 2 0 |a obchod zahraničný 
610 2 0 |a liberalizácia 
610 2 0 |a EHS 
610 2 0 |a pohyb kapitálu 
610 2 0 |a údaje štatistické